=LDR 00000nam 2200000 4500 =001 INLIS000000000011121 =005 20130612102721 =008 ***********************************Ind** =035 ##$$0010-061300000011121 =041 ##$$a Ind =082 ##$$a 375 =090 ##$$a 375, Mar k =100 ##$$a Maryanto, A =245 ##$$a Kurikulum lintas bidang studi, Buku pegangan untuk guru, A.Maryanto =260 ##$$a 1994 $b Jakarta =300 ##$$a VIII-71 hlm., 21 cm =650 ##$$a Pendidikan =650 ##$$a Kurikulum =850 ##$$a NBPNMAT